<?xml version="1.0" encoding="UTF-8"?>
<record
    xmlns:xsi="http://www.w3.org/2001/XMLSchema-instance"
    xsi:schemaLocation="http://www.loc.gov/MARC21/slim http://www.loc.gov/standards/marcxml/schema/MARC21slim.xsd"
    xmlns="http://www.loc.gov/MARC21/slim">

  <leader>01318nam a22002777a 4500</leader>
  <controlfield tag="001">9050</controlfield>
  <controlfield tag="003">FISKH</controlfield>
  <controlfield tag="005">20251128092342.0</controlfield>
  <controlfield tag="008">251118b        cb ||||| |||| 00| 0 eng d</controlfield>
  <datafield tag="040" ind1=" " ind2=" ">
    <subfield code="a">FISKH</subfield>
    <subfield code="b">khr</subfield>
    <subfield code="c">FISKH</subfield>
    <subfield code="d">FISKH</subfield>
  </datafield>
  <datafield tag="082" ind1=" " ind2=" ">
    <subfield code="a">398.2</subfield>
  </datafield>
  <datafield tag="100" ind1=" " ind2=" ">
    <subfield code="a">Anonymous</subfield>
  </datafield>
  <datafield tag="245" ind1=" " ind2=" ">
    <subfield code="a">&#x17A2;&#x17D2;&#x1793;&#x1780;&#x1780;&#x17B6;&#x1794;&#x17CB;&#x1788;&#x17BE; &#x17A0;&#x17BE;&#x1799;&#x1793;&#x17B7;&#x1784; &#x179F;&#x178F;&#x17D2;&#x179C;&#x1796;&#x179F;&#x17CB; / </subfield>
    <subfield code="c">By Anonymous</subfield>
  </datafield>
  <datafield tag="260" ind1=" " ind2=" ">
    <subfield code="a">Phnom Penh :</subfield>
  </datafield>
  <datafield tag="300" ind1=" " ind2=" ">
    <subfield code="a">16 pages : </subfield>
    <subfield code="b">color illustrations ; </subfield>
    <subfield code="c">21 cm . </subfield>
  </datafield>
  <datafield tag="490" ind1=" " ind2=" ">
    <subfield code="a">&#x1793;&#x17B7;&#x1791;&#x17B6;&#x1793;&#x17A2;&#x1794;&#x17CB;&#x179A;&#x17C6;&#x1782;&#x17C6;&#x1793;&#x17B7;&#x178F;</subfield>
  </datafield>
  <datafield tag="505" ind1=" " ind2=" ">
    <subfield code="a">K 
</subfield>
  </datafield>
  <datafield tag="520" ind1=" " ind2=" ">
    <subfield code="a">&#x17A2;&#x17D2;&#x1793;&#x1780;&#x178F;&#x17B6;&#x179A;&#x1780;&#x17D2;&#x179F;&#x17B6;&#x1796;&#x17D2;&#x179A;&#x17C3;&#x1797;&#x17D2;&#x1793;&#x17C6;&#x17A0;&#x17BE;&#x1799;&#x1793;&#x17B7;&#x1784;&#x17A2;&#x17D2;&#x1793;&#x1780;&#x1794;&#x179A;&#x179A;&#x1791;&#x17C1;&#x17C7;&#x179F;&#x17C1;&#x17C7; ,&#x200B; &#x1786;&#x17D2;&#x1780;&#x17C2; &#x17A0;&#x17BE;&#x1799;&#x1793;&#x17B7;&#x1784;&#x1786;&#x17D2;&#x1780;&#x17C2;&#x1785;&#x1785;&#x1780; , &#x17A2;&#x17D2;&#x1793;&#x1780;&#x1780;&#x17B6;&#x1794;&#x17CB;&#x1788;&#x17BE; &#x17A0;&#x17BE;&#x1799;&#x1793;&#x17B7;&#x1784;&#x179F;&#x178F;&#x17D2;&#x179C;&#x1796;&#x179F;&#x17CB; , &#x1794;&#x17BB;&#x179A;&#x179F;&#x1780;&#x17C6;&#x178E;&#x17B6;&#x1789;&#x17CB;&#x17A0;&#x17BE;&#x1799;&#x1793;&#x17B7;&#x1784;&#x1798;&#x17B6;&#x179F;&#x179A;&#x1794;&#x179F;&#x17CB;&#x1782;&#x17B6;&#x178F;&#x17CB; </subfield>
  </datafield>
  <datafield tag="520" ind1=" " ind2=" ">
    <subfield code="a">Hercules and the wagoner , The dog and the wolf , The woodman and the serpent , The mister and his gold </subfield>
  </datafield>
  <datafield tag="521" ind1="8" ind2=" ">
    <subfield code="a">520 
</subfield>
    <subfield code="b">Lexile estimate 
</subfield>
  </datafield>
  <datafield tag="521" ind1="8" ind2=" ">
    <subfield code="a">K 
</subfield>
    <subfield code="b">Raz-Plus 
</subfield>
  </datafield>
  <datafield tag="650" ind1=" " ind2=" ">
    <subfield code="a">&#x17A2;&#x17D2;&#x1793;&#x1780;&#x1780;&#x17B6;&#x1794;&#x17CB;&#x1788;&#x17BE; &#x1793;&#x17B7;&#x1784; &#x179F;&#x178F;&#x17D2;&#x179C;&#x1796;&#x179F;&#x17CB;</subfield>
    <subfield code="v">&#x179A;&#x17BF;&#x1784;&#x1793;&#x17B7;&#x1791;&#x17B6;&#x1793;&#x1780;&#x17BB;&#x1798;&#x17B6;&#x179A;</subfield>
  </datafield>
  <datafield tag="650" ind1=" " ind2=" ">
    <subfield code="a">The woodman and the snake </subfield>
    <subfield code="v">Children's Stories </subfield>
  </datafield>
  <datafield tag="942" ind1=" " ind2=" ">
    <subfield code="2">ddc</subfield>
    <subfield code="c">KHB</subfield>
    <subfield code="n">0</subfield>
  </datafield>
  <datafield tag="999" ind1=" " ind2=" ">
    <subfield code="c">9050</subfield>
    <subfield code="d">9050</subfield>
  </datafield>
  <datafield tag="952" ind1=" " ind2=" ">
    <subfield code="0">0</subfield>
    <subfield code="1">0</subfield>
    <subfield code="2">lcc</subfield>
    <subfield code="4">0</subfield>
    <subfield code="7">0</subfield>
    <subfield code="8">Khmer-English Bilingual </subfield>
    <subfield code="a">002</subfield>
    <subfield code="b">002</subfield>
    <subfield code="c">TTP Khmer</subfield>
    <subfield code="d">2025-11-18</subfield>
    <subfield code="l">0</subfield>
    <subfield code="o">ANO 398.2</subfield>
    <subfield code="p">FIS01204</subfield>
    <subfield code="r">2025-11-18 08:29:00</subfield>
    <subfield code="t">1</subfield>
    <subfield code="w">2025-11-18</subfield>
    <subfield code="y">KHB</subfield>
  </datafield>
  <datafield tag="952" ind1=" " ind2=" ">
    <subfield code="0">0</subfield>
    <subfield code="1">0</subfield>
    <subfield code="2">lcc</subfield>
    <subfield code="4">0</subfield>
    <subfield code="7">0</subfield>
    <subfield code="8">Khmer-English Bilingual </subfield>
    <subfield code="a">002</subfield>
    <subfield code="b">002</subfield>
    <subfield code="c">TTP Khmer</subfield>
    <subfield code="d">2025-11-28</subfield>
    <subfield code="l">0</subfield>
    <subfield code="o">ANO 398.2</subfield>
    <subfield code="p">2025-4983</subfield>
    <subfield code="r">2025-11-28 09:24:25</subfield>
    <subfield code="t">2</subfield>
    <subfield code="w">2025-11-28</subfield>
    <subfield code="y">KHB</subfield>
  </datafield>
  <datafield tag="952" ind1=" " ind2=" ">
    <subfield code="0">0</subfield>
    <subfield code="1">0</subfield>
    <subfield code="2">lcc</subfield>
    <subfield code="4">0</subfield>
    <subfield code="7">0</subfield>
    <subfield code="8">Khmer-English Bilingual </subfield>
    <subfield code="a">002</subfield>
    <subfield code="b">002</subfield>
    <subfield code="c">TTP Khmer</subfield>
    <subfield code="d">2025-12-12</subfield>
    <subfield code="l">0</subfield>
    <subfield code="o">ANO 398.2</subfield>
    <subfield code="p">FIS02077</subfield>
    <subfield code="r">2025-12-12 11:41:34</subfield>
    <subfield code="t">3</subfield>
    <subfield code="w">2025-12-12</subfield>
    <subfield code="y">KHB</subfield>
  </datafield>
</record>
